Normal view
MARC view
Entry Topical Term
001 - CONTROL NUMBER
- control field: 35498
003 - CONTROL NUMBER IDENTIFIER
- control field: ARRUPE
005 - DATE AND TIME OF LATEST TRANSACTION
- control field: 20170901112714.0
008 - FIXED-LENGTH DATA ELEMENTS
- fixed length control field: 170901|| aca||aabn | a|a d
040 ## - CATALOGING SOURCE
- Original cataloging agency: ARRUPE
- Transcribing agency: ARRUPE
150 ## - HEADING--TOPICAL TERM
- Topical term or geographic name as entry element: Religious education
- General subdivision: Psychology
670 ## - SOURCE DATA FOUND
- Source citation: Work cat.: (ARRUPE)41831: Goldman, Ronald 35491, Religious Thinking from Childhood to Adolescence, 1965